| 000 | 01153nam a22002535a 4500 | ||
|---|---|---|---|
| 003 | OSt | ||
| 005 | 20161130150036.0 | ||
| 008 | 161130s2005 ua frb 000 0 ara d | ||
| 015 | _a2005/23729 | ||
| 020 | _a977044877X | ||
| 040 |
_aEG-ScBUE _bara _cEG-ScBUE |
||
| 082 | 0 | 4 |
_a346.0436 _bم ح م _222 |
| 100 | 1 | _aمحمد، أشرف وفا. | |
| 245 | 1 | 0 |
_aحوالة الحق في نطاق العلاقات الخاصة الدولية : _bالقانون واجب التطبيق على عقد الحوالة - القانون واجب التطبيق على الاحتجاج بالحوالة في مواجهة الغير - الاختصاص القضائي والتحكيمي في مجال حوالة الحق / _cأشرف وفا محمد. |
| 250 | _aط. 1. | ||
| 260 |
_aالقاهرة : _bدار النهضة العربية، _c2005. |
||
| 300 |
_a253 ص. ؛ _c24 سم. |
||
| 504 | _aيشتمل على إرجاعات ببليوجرافية. | ||
| 650 | 7 |
_aالحوالات المالية (قانون دولي) _2BUEsh |
|
| 650 | 7 |
_aالقانون الدولي الخاص. _2BUEsh |
|
| 651 | _2BUEsh | ||
| 653 |
_bLLAAWW _cNovember2016 |
||
| 942 | _2ddc | ||
| 999 |
_c23402 _d23374 |
||